[Event "Swedish Elitserien 2021-22"]
[Site "Sodertalje"]
[Date "2022.05.15"]
[Round "9.6"]
[White "Bellon Lopez, Juan Manuel"]
[Black "Eklund, Joel"]
[Result "1-0"]
[WhiteElo "2321"]
[BlackElo "2250"]
[Annotator "TA"]
[PlyCount "85"]
[EventDate "2022.05.13"]
[EventType "team-tourn"]
[EventCountry "SWE"]
[SourceTitle "playchess.com"]
[Source "ChessBase"]
[SourceQuality "1"]

{[%evp 9,85,0,0,0,13,11,0,-24,-6,-34,-35,-55,-29,-51,-47,-44,-31,-25,-43,-60,20,21,16,12,39,40,33,33,33,32,27,31,87,95,96,88,153,143,146,77,108,98,219,229,208,218,237,82,91,81,90,31,58,0,21,6,304,295,297,296,2848,2729,2890,2935,1787,1509,29981,4413,4395,4616,29981,2792,2097,2077,29997,29973,29997,5122]} 1. d4 {[%emt 13:29:38]} Nf6 {[%emt 0:02:06]} 2. Nf3 {[%emt 0:00:17]} c5 {[%emt 0:00:53]} 3. e3 {[%emt 0:00:13]} d5 {[%emt 0:01:16]} 4. Nbd2 {[%emt 0:03:04]} cxd4 {[%emt 0:00:53]} 5. exd4 {[%emt 0:00:09]} Nc6 {[%emt 0:00:06]} 6. c3 {[%emt 0:01:04] D04: Colle System.} Bg4 {[%emt 0:01:17]} 7. h3 {[%emt 0:00:58]} Bh5 {[%emt 0:00:24]} 8. Qb3 {[%emt 0:00:26] The position is equal.} Qc7 {[%emt 0:05:02] [#]} 9. Bb5 $146 {[%emt 0:10:49]} ({Predecessor:} 9. g3 e6 10. Bg2 Bd6 11. O-O O-O 12. Re1 Bg6 13. Qd1 Rac8 14. Qe2 h6 15. Ne5 {1-0 (63) Parvathy,S (1577)-Naroji,S (1138) Chennai 2016}) 9... e6 {[%emt 0:02:19]} 10. Ne5 {[%emt 0:12:58]} Nd7 {[%emt 0:02:26]} (10... Bd6 $5 {[%cal Rd6e5]} 11. O-O O-O $15) 11. f4 {[%emt 0:10:52]} Ndxe5 {[%emt 0:16:56]} 12. fxe5 {[%emt 0:00:08]} Be7 {[%emt 0:00:09]} 13. O-O {[%emt 0:07:50]} O-O {[%emt 0:02:50]} 14. Nf3 {[%emt 0:01:47]} Qb6 {[%emt 0:03:40]} (14... a6 $15 15. Bxc6 bxc6) 15. Bd3 $11 {[%emt 0:01:42]} Qxb3 {[%emt 0:14:12]} 16. axb3 {[%emt 0:00:04]} Bg6 {[%emt 0:00:21]} 17. Bxg6 {[%emt 0:01:13]} hxg6 {[%emt 0:00:48]} 18. b4 {[%emt 0:00:13]} a5 {[%emt 0:07:02]} 19. b5 {[%emt 0:09:22]} Nb8 {[%emt 0:00:39]} 20. Bg5 $36 {[%emt 0:00:10][%mdl 2048] White is more active.} Re8 {[%emt 0:16:52]} ({Black should play} 20... f6 $1 $14 21. exf6 gxf6) 21. Bxe7 $16 {[%emt 0:00:58]} Rxe7 {[%emt 0:01:11]} 22. Ra4 {[%emt 0:02:41]} Kf8 {[%emt 0:05:27] [#]} (22... b6 $142) 23. b4 $1 {[%emt 0:06:31]} b6 {[%emt 0:01:23]} 24. Rfa1 {[%emt 0:00:06]} (24. Ng5 $142) 24... Rea7 {[%emt 0:03:24]} 25. Nd2 {[%emt 0:00:11] c4 is the strong threat.} Nd7 {[%emt 0:01:02]} (25... Rc7 $16) 26. c4 $18 {[%emt 0:03:00]} dxc4 {[%emt 0:11:35]} 27. Nxc4 {[%emt 0:00:06]} f6 {[%emt 0:02:15]} 28. Kf2 $2 {[%emt 0:06:48]} (28. bxa5 $18 bxa5 29. b6) 28... Rc8 {[%emt 0:01:25]} 29. bxa5 {[%emt 0:00:19]} bxa5 {[%emt 0:00:11]} 30. b6 {[%emt 0:06:22] White is more active.} ({White should try} 30. Ke2 $16) 30... Rb7 $14 {[%emt 0:00:02] [#]} 31. Rb1 {[%emt 0:01:13]} ({Better is} 31. Rxa5 $1 $14 Rxc4 (31... Rbb8 32. Nd6) 32. Ra7 Rc2+ 33. Kg3 Rxa7 34. bxa7) 31... Ra8 {[%emt 0:01:34]} 32. Rb5 {[%emt 0:01:40]} Ke7 $2 {[%emt 0:00:50][%mdl 8192]} (32... Rc8 $1 $11 {and Black is okay.}) 33. Rbxa5 {[%emt 0:01:58]} Rxa5 {[%emt 0:00:31]} 34. Rxa5 {[%emt 0:00:06]} fxe5 $2 $18 {[%emt 0:00:28][%mdl 4096] Endgame KRN-KRN} (34... Kd8 35. exf6 gxf6) 35. Ra7 {[%emt 0:01:20]} Rb8 {[%emt 0:00:27]} 36. Nxe5 {[%emt 0:00:12]} Rxb6 {[%emt 0:00:05]} 37. Rxd7+ {[%emt 0:00:09] KRN-KR} Kf6 {[%emt 0:00:07]} 38. Rf7+ {[%emt 0:00:25]} (38. Ke3 $142 Kg5 39. Rxg7 Kh6 40. Rxg6+ Kh7 41. g4 Ra6 42. h4 Ra3+ 43. Ke4) 38... Kg5 {[%emt 0:00:04]} 39. Rxg7 {[%emt 0:00:12] White wants to mate with Ke3.} Rb2+ {[%emt 0:00:59]} 40. Kg3 {[%emt 0:00:11]} (40. Ke3 $142 Kh6 41. Rxg6+ Kh7 42. Rxe6 Rb3+ 43. Ke4 Kg7 44. d5 Rb4+ 45. Kf5) 40... Rb3+ {[%emt 0:00:59]} 41. Kh2 {[%emt 0:00:08]} Kh5 {[%emt 0:00:16]} 42. Rxg6 {[%emt 0:01:58]} Rxh3+ {[%emt 0:00:14]} 43. gxh3 {[%emt 0:00:02] Weighted Error Value: White=0.20 (precise) /Black=0.95} 1-0

[Event "Swedish Elitserien 2021-22"]
[Site "Sodertalje"]
[Date "2022.05.15"]
[Round "9.7"]
[White "Helgason, Reynir"]
[Black "Wedberg, Tom"]
[Result "1/2-1/2"]
[WhiteElo "2283"]
[BlackElo "2395"]
[Annotator "TA"]
[PlyCount "150"]
[EventDate "2022.05.13"]
[EventType "team-tourn"]
[EventCountry "SWE"]
[SourceTitle "playchess.com"]
[Source "ChessBase"]
[SourceQuality "1"]

{[%evp 15,150,0,0,0,14,-23,10,12,12,7,14,-22,-10,-31,-25,-33,-37,-42,-33,-30,-35,-33,-30,-28,-15,-30,0,-12,0,0,0,0,0,0,0,0,0,0,16,14,37,31,116,116,110,-83,77,88,77,77,77,78,114,79,64,71,64,59,79,68,58,68,70,70,149,23,64,8,8,8,8,8,8,8,8,8,8,8,8,8,8,8,8,8,8,8,8,8,8,8,8,8,8,8,8,8,8,8,8,8,8,8,8,8,8,0,0,0,0,0,0,0,0,0,0,0,0,0,0,0,0,0,0,0,0,0,0,0,0,0,0,0,0,0,0,-8,8]} 1. d4 {[%emt 0:00:05]} Nf6 {[%emt 0:00:07]} 2. Bf4 {[%emt 0:00:06]} d5 {[%emt 0:00:52]} 3. e3 {[%emt 0:00:16]} c5 {[%emt 0:01:33]} 4. c3 {[%emt 0:00:29]} Nc6 {[%emt 0:00:39]} 5. Nd2 {[%emt 0:00:13]} e6 {[%emt 0:10:40]} 6. Ngf3 {[%emt 0:01:45]} Bd6 {[%emt 0:00:36]} 7. Bg3 {[%emt 0:11:54]} O-O {[%emt 0:08:05]} 8. Bd3 {[%emt 0:01:41]} b6 {[%emt 0:03:12]} 9. Qe2 $1 {[%emt 0:06:40][%mdl 4] outshines the older 9.Ne5. D02: 1 d4 d5 2 Nf3 sidelines, including 2...Nf6 3 g3 and 2...Nf6 3 Bf4.} Qc7 {[%emt 0:14:03]} 10. Rd1 {[%emt 0:19:53]} e5 {[%emt 0:17:48] And now ...e4 would win.} 11. dxc5 {[%emt 0:02:03] [#]} bxc5 $146 {[%emt 0:06:53]} ({Predecessor:} 11... Bxc5 12. e4 Re8 13. O-O Bg4 14. h3 Bh5 15. exd5 Nxd5 16. Bxh7+ Kxh7 17. Qe4+ Bg6 18. Qxd5 Rad8 19. Qc4 Qe7 20. Ne4 Bxe4 21. Qxe4+ {1-0 (21) Korchmar,V (2450)-Maisuradze,N (2202) Europe Echecs INT 2022}) 12. e4 $1 {[%emt 0:00:35]} d4 {[%emt 0:00:52]} 13. O-O {[%emt 0:06:06]} Nh5 {[%emt 0:05:06]} 14. cxd4 {[%emt 0:03:26]} (14. Rc1 {feels hotter.} Nxg3 15. fxg3 Qe7 16. b3) 14... Nxd4 {[%emt 0:04:25]} 15. Nxd4 {[%emt 0:04:09]} Nxg3 {[%emt 0:00:13]} 16. hxg3 {[%emt 0:00:56]} cxd4 {[%emt 0:00:25]} 17. Rc1 {[%emt 0:01:28]} Qe7 {[%emt 0:05:42]} 18. Rc2 {[%emt 0:03:14]} Be6 {[%emt 0:02:47]} 19. Rfc1 {[%emt 0:04:39]} Rfc8 {[%emt 0:01:15]} (19... Bxa2 $2 20. b3 $18) 20. Bc4 {[%emt 0:03:07]} Bxc4 {[%emt 0:08:32]} 21. Rxc4 {[%emt 0:01:12]} Qb7 {[%emt 0:01:52]} 22. Rxc8+ {[%emt 0:03:54]} Rxc8 {[%emt 0:00:13]} 23. Rxc8+ {[%emt 0:00:13]} Qxc8 $11 {[%emt 0:00:06][%mdl 4096] Endgame KQB-KQN} 24. Qc4 {[%emt 0:00:14] Prevents Qc2.} Qb7 {[%emt 0:00:25]} 25. Qd5 {[%emt 0:03:38]} Qxd5 {[%emt 0:03:58]} 26. exd5 {[%emt 0:00:06] KB-KN} Kf8 {[%emt 0:00:09]} 27. g4 {[%emt 0:04:21]} f6 {[%emt 0:02:24]} 28. Kf1 {[%emt 0:02:01]} d3 {[%emt 0:00:50]} ({Better is} 28... g6 $14) 29. Nc4 $16 {[%emt 0:03:41]} Ke7 {[%emt 0:00:16]} 30. Ke1 $2 {[%emt 0:01:44] [#]} (30. f3 $16) 30... g6 $2 {[%emt 0:00:35] [#]} (30... e4 $1 $17) 31. f3 $1 {[%emt 0:02:18] Strongly threatening a3.} f5 {[%emt 0:00:59]} 32. gxf5 {[%emt 0:00:23]} gxf5 {[%emt 0:00:04] White must now prevent ...e4.} 33. Kd2 {[%emt 0:00:15]} e4 {[%emt 0:00:14]} 34. fxe4 {[%emt 0:00:05]} fxe4 {[%emt 0:00:04]} 35. Ke3 {[%emt 0:00:10] Inhibits Bf4+.} Bb4 {[%emt 0:00:44]} 36. a3 {[%emt 0:05:04]} Be1 {[%emt 0:00:15]} 37. Kxe4 {[%emt 0:00:10]} d2 {[%emt 0:00:06]} 38. Ne3 {[%emt 0:00:05]} Kd6 {[%emt 0:00:22]} 39. b4 {[%emt 0:00:42]} a6 {[%emt 0:00:13]} (39... h6 $14) 40. Nd1 {[%emt 0:03:09]} (40. Kd3 $16) 40... Bh4 $11 {[%emt 0:01:33]} 41. a4 {[%emt 0:12:27]} (41. Kd3 $14) 41... Be7 {[%emt 0:13:33] The position is equal.} 42. Kd4 {[%emt 0:01:45]} Bg5 {[%emt 0:05:36]} 43. Kc4 {[%emt 0:00:24]} Be7 {[%emt 0:00:57]} 44. Nc3 {[%emt 0:02:33] Threatens to win with Ne4+.} Kd7 {[%emt 0:03:36]} 45. b5 {[%emt 0:02:12]} Bf6 {[%emt 0:00:33] ( -> ...Bxc3)} 46. Nd1 {[%emt 0:00:18]} axb5+ {[%emt 0:00:29]} 47. Kxb5 {[%emt 0:00:33]} Kd6 {[%emt 0:00:34]} 48. Kc4 {[%emt 0:00:07]} Bd8 {[%emt 0:00:30]} 49. Kd3 {[%emt 0:02:05]} Kxd5 {[%emt 0:04:14]} 50. Nc3+ {[%emt 0:02:17]} Kc5 {[%emt 0:00:21]} 51. Kxd2 {[%emt 0:00:05]} Kb4 {[%emt 0:00:12]} 52. Kd3 {[%emt 0:00:14]} Kb3 {[%emt 0:00:47]} 53. g4 {[%emt 0:00:45]} Kb4 {[%emt 0:01:35]} 54. Ne4 {[%emt 0:06:43]} Kxa4 {[%emt 0:00:50]} 55. Kc4 {[%emt 0:00:06]} Bh4 {[%emt 0:01:18]} 56. Nc5+ {[%emt 0:03:03]} Ka5 {[%emt 0:01:54]} 57. Nd7 {[%emt 0:00:05]} Bd8 {[%emt 0:01:22]} 58. Nf8 {[%emt 0:00:18]} h6 {[%emt 0:00:06]} 59. Nd7 {[%emt 0:00:10]} Bg5 {[%emt 0:00:17]} 60. Kc5 {[%emt 0:00:19]} Ka4 {[%emt 0:00:23]} 61. Ne5 {[%emt 0:00:19]} Kb3 {[%emt 0:00:14]} 62. Nf7 {[%emt 0:00:23]} Bc1 {[%emt 0:00:05]} 63. Kd4 {[%emt 0:00:40]} Kc2 {[%emt 0:00:13]} 64. Ke4 {[%emt 0:00:57]} Kd1 {[%emt 0:00:09]} 65. Kf3 {[%emt 0:00:08]} Ke1 {[%emt 0:00:16]} 66. Nd6 {[%emt 0:01:09]} Kf1 {[%emt 0:00:23]} 67. Ne4 {[%emt 0:00:24]} Kg1 {[%emt 0:00:19]} 68. Kg3 {[%emt 0:01:17]} Be3 {[%emt 0:00:50]} 69. Nc3 {[%emt 0:00:45]} Bg5 {[%emt 0:00:25]} 70. Ne2+ {[%emt 0:00:25]} Kf1 {[%emt 0:00:15]} 71. Nd4 {[%emt 0:00:09]} Be3 {[%emt 0:00:54]} 72. Nf3 {[%emt 0:00:24]} Ke2 {[%emt 0:00:33]} 73. Ne5 {[%emt 0:00:36]} Bg5 {[%emt 0:00:17]} 74. Nf7 {[%emt 0:01:40]} Ke3 {[%emt 0:00:10]} 75. Nxh6 {[%emt 0:01:18]} Ke4 {[%emt 0:00:39] Weighted Error Value: White=0.15 (very precise) /Black=0.13 (very precise)} 1/2-1/2

[Event "Swedish Elitserien 2021-22"]
[Site "Sodertalje"]
[Date "2022.05.15"]
[Round "9.8"]
[White "Cramling, Dan"]
[Black "Ziegler, Ari"]
[Result "0-1"]
[WhiteElo "2299"]
[BlackElo "2327"]
[Annotator "TA"]
[PlyCount "66"]
[EventDate "2022.05.13"]
[EventType "team-tourn"]
[EventCountry "SWE"]
[SourceTitle "playchess.com"]
[Source "ChessBase"]
[SourceQuality "1"]

{[%evp 19,66,0,31,23,27,14,14,-10,-15,-45,-27,-26,0,-18,0,0,0,0,0,0,0,0,0,0,0,0,0,0,1,-3,68,-133,-90,-212,0,0,0,-546,-545,-540,-541,-1295,-682,-2133,-2114,-29986,-29987,-29981,-3143]} 1. d4 {[%emt 0:00:17]} Nf6 {[%emt 0:00:08]} 2. c4 {[%emt 0:00:09]} e6 {[%emt 0:00:09]} 3. Nc3 {[%emt 0:00:12]} Bb4 {[%emt 0:00:07]} 4. e3 {[%emt 0:00:25]} c5 {[%emt 0:00:07]} 5. Bd3 {[%emt 0:02:06]} Nc6 {[%emt 0:00:09]} 6. Nge2 {[%emt 0:00:18]} cxd4 {[%emt 0:00:08]} 7. exd4 {[%emt 0:00:09]} d5 {[%emt 0:00:07]} 8. cxd5 {[%emt 0:00:55]} Nxd5 {[%emt 0:00:09]} 9. O-O {[%emt 0:14:09]} O-O {[%emt 0:04:14]} 10. Nxd5 {[%emt 0:06:21] 10.Nxd5 is the modern continuation.} Qxd5 {[%emt 0:07:03]} 11. Qc2 {[%emt 0:00:35] E48: Nimzo-Indian: Rubinstein: 5 Bd3 d5 including 6 Ne2, but excluding 6 a3.} h6 {[%emt 0:05:03]} 12. Rd1 {[%emt 0:01:11]} Bd6 {[%emt 0:07:14]} 13. Be4 {[%emt 0:01:21] The position is equal.} Nb4 {[%emt 0:02:22][%csl LRa2,LRc2]} ({Don't do} 13... Qh5 14. Bf4 Bxf4 15. Nxf4 $14) 14. Qb1 {[%emt 0:03:14] [#]} (14. Bh7+ Kh8 15. Qb1 g6 $15) 14... Bxh2+ $1 {[%emt 0:02:51]} 15. Kf1 {[%emt 0:02:23] [#]} (15. Kxh2 Qh5+) 15... Qh5 $146 {[%emt 0:04:01]} ({Predecessor:} 15... Qb5 16. a3 Nc6 17. a4 Qh5 18. Bf3 Qh4 19. g3 Qh3+ 20. Bg2 Qh5 21. Be3 e5 22. dxe5 {1-0 (62) Pranav,A (2274)-Koykka,P (2405) Stockholm 2018}) 16. Bf3 {[%emt 0:03:12]} Qh4 {[%emt 0:05:23] Threatens to win with ...Bd6.} ({Don't play} 16... Qb5 17. a3 $16) 17. g3 {[%emt 0:06:24]} Qh3+ {[%emt 0:01:48]} 18. Bg2 {[%emt 0:06:52]} Qh5 {[%emt 0:00:12]} 19. Bd2 {[%emt 0:26:27]} Nd5 {[%emt 0:00:36]} 20. Qe4 {[%emt 0:03:52]} g5 {[%emt 0:02:29]} 21. Bf3 {[%emt 0:08:44]} Qh3+ {[%emt 0:04:04]} 22. Bg2 {[%emt 0:00:10]} Qh5 $36 {[%emt 0:00:09][%mdl 2048] Black has good play.} 23. Nc3 {[%emt 0:09:00] Hoping for Qe2.} b6 {[%emt 0:03:31]} 24. Qe2 {[%emt 0:00:33] Prevents Ba6.} g4 {[%emt 0:02:56]} (24... Qxe2+ $11 25. Nxe2 Bb7) 25. Be4 $2 {[%emt 0:03:36]} (25. Qe5 $14 {keeps the upper hand.} Ba6+ 26. Ke1) 25... a5 {[%emt 0:05:07] Strongly threatening ...Ba6.} 26. Be3 {[%emt 0:00:26]} (26. Rac1 $17) 26... Ba6 $2 {[%emt 0:10:42]} ({Black should try} 26... Ra7 $19 27. Bd3 f5 28. Nxd5 exd5) 27. Bd3 $11 {[%emt 0:00:04]} Bb7 {[%emt 0:07:52]} 28. Bxh6 $2 {[%emt 0:00:49][%mdl 8192]} Qxh6 $19 {[%emt 0:13:49]} 29. Qxg4+ {[%emt 0:00:06] [#]} Kh8 $1 {[%emt 0:00:08] And now ...Rg8 would win.} 30. Re1 {[%emt 0:01:02]} f5 {[%emt 0:01:37] Prevents Re4.} 31. Qd1 {[%emt 0:00:09] [#]} Bxg3 $1 {[%emt 0:05:30][%mdl 512] ( -> ...Nxc3)} 32. fxg3 {[%emt 0:00:40]} (32. Bb5 Qh2) 32... Qh1+ {[%emt 0:00:41]} 33. Kf2 {[%emt 0:00:33]} Qh2+ {[%emt 0:00:06] Weighted Error Value: White=1.25/Black=0.39} 0-1

[Event "Swedish Elitserien 2021-22"]
[Site "Sodertalje"]
[Date "2022.05.15"]
[Round "9.9"]
[White "Von Bahr, Oskar"]
[Black "Vernersson, Per"]
[Result "1/2-1/2"]
[WhiteElo "2373"]
[BlackElo "2260"]
[Annotator "TA"]
[PlyCount "100"]
[EventDate "2022.05.13"]
[EventType "team-tourn"]
[EventCountry "SWE"]
[SourceTitle "playchess.com"]
[Source "ChessBase"]
[SourceQuality "1"]

{[%evp 9,100,12,27,27,18,18,30,22,37,20,39,41,40,35,87,80,68,59,134,138,117,123,113,126,127,121,121,132,87,50,51,37,21,27,35,14,23,11,16,0,0,0,81,55,81,81,81,58,57,58,57,41,72,45,121,28,77,28,224,0,77,0,216,75,96,94,82,82,50,-30,0,-8,-12,0,0,0,0,0,8,8,92,92,92,92,116,8,13,0,0,0,0,-8,-8]} 1. e4 {[%emt 0:00:10]} c6 {[%emt 0:00:08]} 2. d4 {[%emt 0:00:17]} d5 {[%emt 0:00:06]} 3. e5 {[%emt 0:01:06]} Bf5 {[%emt 0:00:25]} 4. g4 {[%emt 0:00:36]} Bd7 {[%emt 0:00:54]} 5. Nc3 {[%emt 0:00:10]} e6 {[%emt 0:00:30]} 6. Be3 {[%emt 0:00:04] B12: Caro-Kann: Advance Variation.} Qb6 {[%emt 0:05:55]} 7. Na4 {[%emt 0:01:54]} Qc7 {[%emt 0:01:24][%cal Oc6c5]} 8. f4 {[%emt 0:05:59] White has an edge.} Na6 {[%emt 0:13:28]} 9. c3 {[%emt 0:09:45] [#]} b5 $146 {[%emt 0:03:10]} ({Predecessor:} 9... c5 10. Bxa6 cxd4 11. Bxb7 Qxb7 12. Bxd4 h5 13. g5 Qb5 14. b3 Qa5 15. Nb2 Ne7 {½-½ (45) Van Beek,A-Velema,S Hengelo 1996}) 10. Nc5 {[%emt 0:01:31]} Nxc5 {[%emt 0:01:09]} 11. dxc5 {[%emt 0:00:04]} g5 {[%emt 0:02:27]} (11... h5 $14) 12. fxg5 $16 {[%emt 0:04:25]} Qxe5 {[%emt 0:01:52]} 13. Qd4 {[%emt 0:06:48]} Bg7 {[%emt 0:01:03]} (13... Qg7 $1 $14) 14. Qxe5 {[%emt 0:01:14]} Bxe5 {[%emt 0:00:08]} 15. Nf3 {[%emt 0:00:02]} Bg7 {[%emt 0:00:38]} 16. Bd4 {[%emt 0:00:10] Against e5} Bxd4 {[%emt 0:02:41]} 17. cxd4 {[%emt 0:00:24]} h6 {[%emt 0:04:42]} 18. gxh6 {[%emt 0:01:58] g5 is the strong threat.} f6 {[%emt 0:01:38]} 19. Rg1 {[%emt 0:16:48]} Nxh6 {[%emt 0:03:44]} 20. g5 {[%emt 0:03:32]} (20. h4 {keeps more tension.} Ke7 21. Bd3 e5 22. dxe5 Raf8 23. e6) 20... fxg5 {[%emt 0:02:05]} 21. Rxg5 {[%emt 0:01:04]} Nf7 {[%emt 0:00:37]} 22. Rg3 {[%emt 0:02:15]} Ke7 {[%emt 0:03:03]} 23. Bd3 {[%emt 0:02:17]} Rag8 {[%emt 0:00:48]} 24. Kf2 {[%emt 0:06:41]} Rxg3 {[%emt 0:01:35]} 25. hxg3 {[%emt 0:01:15]} Kf6 {[%emt 0:03:34] Prevents Bg6.} (25... e5 $11 {remains equal.}) 26. Re1 {[%emt 0:03:50]} a5 {[%emt 0:10:07]} 27. g4 {[%emt 0:02:57] White is more active.} Ng5 {[%emt 0:12:07]} 28. Nxg5 {[%emt 0:02:19]} Kxg5 {[%emt 0:00:15][%mdl 4096] Endgame KRB-KRB} 29. Kg3 {[%emt 0:00:25] Threatens to win with Re5+.} Kf6 {[%emt 0:03:02]} 30. Rf1+ {[%emt 0:03:33]} Kg7 $1 {[%emt 0:02:21]} 31. a3 {[%emt 0:11:28]} Be8 {[%emt 0:04:15]} (31... a4 $14) 32. Re1 {[%emt 0:03:27]} (32. g5 $1 $16) 32... Bf7 {[%emt 0:04:52]} (32... Kf6 $11) 33. Kf4 {[%emt 0:02:25]} ({Better is} 33. g5 $16) 33... Rh4 $2 {[%emt 0:00:38]} (33... Kf8 $11 {and Black has nothing to worry.}) 34. Kg3 {[%emt 0:01:38]} (34. Ke5 $1 $18 {is the precise move to win.}) 34... Rh8 {[%emt 0:00:22]} 35. Kf4 {[%emt 0:02:33]} (35. g5 $16) 35... Rh4 $18 {[%emt 0:00:07]} 36. Rf1 {[%emt 0:01:15]} (36. Ke5 $1 $18) 36... Rh2 {[%emt 0:01:13] [#]} 37. Ke5 $1 {[%emt 0:00:54]} Rxb2 {[%emt 0:01:15]} 38. Kd6 {[%emt 0:00:53]} Rb3 {[%emt 0:00:52][%csl LRa3,LRd3]} 39. Be2 {[%emt 0:01:21]} (39. Bb1 $14) 39... Be8 {[%emt 0:00:56]} 40. Ke7 {[%emt 0:00:34]} Bg6 {[%emt 0:00:23] And now ...Re3 would win.} 41. Ra1 $1 {[%emt 0:06:57]} Rb2 {[%emt 0:05:49]} 42. Bd1 {[%emt 0:02:46]} Rd2 {[%emt 0:08:38]} 43. Kxe6 {[%emt 0:06:00] aiming for Kd7.} Rxd4 {[%emt 0:07:13]} 44. Kd7 {[%emt 0:00:28]} Kf6 {[%emt 0:00:39]} (44... b4 $1 $11) 45. Kxc6 $16 {[%emt 0:00:41]} Be8+ {[%emt 0:02:53]} 46. Kd6 {[%emt 0:01:22] Strongly threatening Bf3.} Re4 {[%emt 0:01:27] [#]} 47. Kxd5 {[%emt 0:02:27]} ({White should try} 47. g5+ $1 $16 Kxg5 48. Bf3 (48. Kxd5 Rf4 $11)) 47... Re5+ $11 {[%emt 0:00:19] The position is equal.} 48. Kd4 {[%emt 0:02:06] Black must now prevent Bf3.} Bc6 {[%emt 0:02:00] Prevents Bf3.} 49. Rc1 {[%emt 0:01:56]} Re1 {[%emt 0:00:28]} 50. Kd3 {[%emt 0:02:21]} Rg1 {[%emt 0:03:00] Weighted Error Value: White=0.28 (precise) /Black=0.23 (precise)} 1/2-1/2

[Event "Swedish Elitserien 2021-22"]
[Site "Sodertalje"]
[Date "2022.05.15"]
[Round "9.10"]
[White "Gdanski, Jacek"]
[Black "Lyrberg, Patrik"]
[Result "1-0"]
[WhiteElo "2486"]
[BlackElo "2453"]
[Annotator "TA"]
[PlyCount "56"]
[EventDate "2022.05.13"]
[EventType "team-tourn"]
[EventCountry "SWE"]
[SourceTitle "playchess.com"]
[Source "ChessBase"]
[SourceQuality "1"]

{[%evp 15,56,24,58,53,59,34,32,29,25,22,27,8,26,0,-1,0,0,0,0,0,0,0,0,0,0,-8,0,0,0,0,7,0,19,6,359,350,349,354,353,345,333,333,353]} 1. e4 {[%emt 0:00:36]} c6 {[%emt 0:01:48]} 2. d4 {[%emt 0:00:33]} d5 {[%emt 0:00:57]} 3. exd5 {[%emt 0:00:06]} cxd5 {[%emt 0:00:07]} 4. c4 {[%emt 0:00:03]} Nf6 {[%emt 0:00:46]} 5. Nc3 {[%emt 0:00:06]} e6 {[%emt 0:04:13]} 6. Nf3 {[%emt 0:00:20]} Be7 {[%emt 0:00:14]} 7. cxd5 {[%emt 0:00:08]} exd5 {[%emt 0:01:57]} 8. Bb5+ {[%emt 0:00:06]} Nbd7 {[%emt 0:15:44]} 9. O-O {[%emt 0:03:58] B14: Caro-Kann: Panov-Botvinnik Attack with 5...e6 and 5...g6.} O-O {[%emt 0:00:24]} 10. Bg5 {[%emt 0:05:30]} Nb6 {[%emt 0:03:07]} 11. Ne5 {[%emt 0:00:44] [#] White is slightly better.} Ne4 $146 {[%emt 0:00:48]} ({Predecessor:} 11... Bf5 12. f4 Ne4 13. Bxe7 Qxe7 14. g4 f6 15. gxf5 Nxc3 16. bxc3 fxe5 17. fxe5 Qg5+ {1-0 (36) Yanigro,M-Estrada,L Cuenca 2006}) 12. Bxe7 {[%emt 0:03:55]} Qxe7 {[%emt 0:00:14]} 13. Bd3 {[%emt 0:11:39]} f6 {[%emt 0:10:38] [#] Threatens to win with ...Nxc3.} 14. Ng4 {[%emt 0:13:43]} ({Not} 14. Nxe4 $2 dxe4 15. Bxe4 fxe5 $17) 14... Bxg4 {[%emt 0:01:10]} 15. Qxg4 {[%emt 0:00:03][%cal Rc3e4]} f5 {[%emt 0:00:04]} 16. Qe2 {[%emt 0:11:59] f3 is the strong threat.} Qf6 {[%emt 0:10:34]} 17. Rad1 Rac8 {[%emt 0:06:52]} 18. Bxe4 {[%emt 0:06:36]} dxe4 {[%emt 0:00:12]} 19. f3 {[%emt 0:00:44]} exf3 {[%emt 0:11:03]} 20. Qxf3 {[%emt 0:00:14]} Rf7 {[%emt 0:05:19]} 21. Rfe1 {[%emt 0:00:29]} Rd7 {[%emt 0:01:14]} 22. d5 {[%emt 0:04:32]} Rcd8 {[%emt 0:01:48]} 23. Re6 {[%emt 0:00:25]} Qf8 {[%emt 0:00:24]} 24. h3 {[%emt 0:05:47]} Nxd5 $2 {[%emt 0:05:38][%mdl 8192] This costs Black the game.} 25. Rxd5 $18 {[%emt 0:02:08]} Rxd5 {[%emt 0:00:03]} 26. Nxd5 {[%emt 0:00:08] [#] aiming for Ne7+.} Qc5+ {[%emt 0:00:03]} 27. Ne3 {[%emt 0:00:24]} Kf7 {[%emt 0:00:03]} 28. Re4 {[%emt 0:15:23]} Qc1+ {[%emt 0:00:03] Weighted Error Value: White=0.05 (flawless) /Black=0.42} 1-0